1226 1461 1391 1967 1821 1102 1634 1551 1965 1250 1283 1851 1702 1693 1610 1070 1253 1235 1330 1149 1370 1743 1470 1770 1761 1461 1645 1769 1707 1747 1758 1152 1349 1656 1591 1830 1056 1965 1867 1963 1754 1670 1735 1745 1902 1758 1309 1670 1298 1337 1131 1849 1740 1716 1547 1233 1102 1700 1343 1277 1938 1904 1945 1905 1900 1131 1410 1220 1793 1757 1615 1642 1894 1553 1787 1481 1866 1971 1959 1052 1117 1891 1163 1677 1046 1297 1423 1378 1280 1554 1762 1791 1420 1436 1637 1237 1673 1281 1238 BCNSPRNW ULIB Ver.6.0+V

เปลี่ยนเป็นภาษาไทย

Change to English
 แสดงรายละเอียดบรรณานุกรม
  กลับหน้าหลัก

Brief Record : Get Marc (ISO 2709) : E-mail record : QR code < ปิดหน้าต่าง
LEADER : 00000nam 2200000uu 4500
001    13399120781
003     ULIB
008    121016s2550||||th 000 0 tha d
099    วพ.WD100^bศ173ผ
100 0  ศรีวัฒนา ปานดี
245 00 ผลของโปรแกรมการสร้างพลังอำนาจร่วมกับกระบวนการกลุ่มต่อการปฏิบัติตนในการดูแลน้ำหนักตัวของวัยรุ่นที่มีภาวะโภชนาการเกิน /^c ศรีวัฒนา ปานดี = The effect of the empowerment program with group process on practice of weight management in over nutritional adolescents
246 0  The effect of the empowerment program with group process on practice of weight management in over nutritional adolescents
260    ^c2550
300    ก-ญ, 167 แผ่น :|bภาพประกอบ
502    วิทยานิพนธ์ (พย.ม.)--จุฬาลงกรณ์มหาวิทยาลัย, 2550
650  0 Adolescence|xNutrition
650  0 Body weight
650  2 Nutrition Disorders|xin adolescence
650  7  การดูแลสุขภาพด้วยตนเอง
650  7 วัยรุ่น|xโภชนาการ
650  7 น้ำหนักตัว
945    ^p0^l0^i032840
995    เกษร
999    ^aใช้งานได้ทุกระบบ
รายการนี้ยังไม่มีแท็ก
คุณยังไม่ได้ล็อกอิน คุณสามารถมีกิจกรรมร่วมกับเว็บไซต์ได้ แต่ต้องล็อกอินก่อน ::
  ล็อกอิน

รายการสื่อสารสนเทศ

ลำดับที่ ประเภท เลขเรียก/บาร์โค้ด สถานที่ สถานะ
1. วิทยานิพนธ์
วิทยานิพนธ์
วพ.WD100 ศ173ผ  
  Barcode: 032840
ห้องสมุดวิทยาเขตสวรรค์ประชารักษ์
►วิจัย
บนชั้น

รายการใกล้เคียง
    ผู้แต่ง [ศรีวัฒนา ปานดี]

    หัวเรื่อง [การดูแลสุขภาพด้วยตนเอง]
    หัวเรื่อง [น้ำหนักตัว]

BibComment


ยังไม่เคยถูกคอมเมนท์

คอมเมนท์ทรัพยากรรายการนี้
  คอมเมนท์: ผลของโปรแกรมการสร..


 Copyright 2026. Bcnsprnw @Library